00747nam a22001937a 4500999001900000005001700019010001500036020002600051035001400077037001300091082001100104100002000115245006100135260005200196270009800248300004900346942002500395952013300420 c190203d19020320220720130001.0 aENG-133673 a9788183166935c395.00 aEN-117205 bDBAD/PUB a371.26 aSagar, J. Vidya aMeasurement and Evaluation in Education/cJ. Vidya Sagar aNew DelhibNeelkamal Publishing Pvt. Ltd.c2016 a4764/1, 23, Ansari Road, DaryaganjbNew Delhie110002k011-23244237mneelkamalbooks@gmail.com avi, 280 p.c24 cm(pbk)bBibiliography, Index 2ddccENh371.26mSAG 001040708NFICaBNbBNd2022-07-20eDBAD/PUBg395.00l1o371.26 SAGpEN-117205r2022-11-25 00:00:00s2022-11-12t1v395.00yEN